000 00311nam a2200121Ia 4500
008 190216s9999||||xx |||||||||||||| ||und||
100 _a"Smit,Walter Andalbrecht"
245 0 _aFundamental Concepts Of Analysis
260 _bPentice Hall Of India
_c1978
300 _a190p
650 _aMathematics
942 _cBK
999 _c30644
_d30644